Zhodnotenie lovu zveri na Görgeyovskom veľkostatku v Toporci v rokoch 1874 až 1922

Bibliographic Details
Main Author: Žilinec, Milan (Author)
Format: Article
Language:Slovak
PhysicalDescription:Obr. 4. Tb. 9. Res. rus., angl., nem., lit. 24 zázn. v slov., češ., ruš.
Subjects:

MARC

LEADER 00000nab a2200000 a 4500
001 vtls000344572
003 SK-MaSNL
005 20260303165445.0
008 160204c1988 xo 0 slo
015 |a SNBRA19rr/mm-uuuuu 
035 |a CL0344694 
040 |a SNKBUCL  |b slo  |c SNKBUCL  |e AACR2 
041 0 |a slo 
044 |a xo  |c SK 
080 |a 639.1.055.3/.4(091)  |2 1981 
100 1 |a Žilinec, Milan  |4 aut  |9 782954 
245 1 0 |a Zhodnotenie lovu zveri na Görgeyovskom veľkostatku v Toporci v rokoch 1874 až 1922  |c Milan Žilinec 
300 |b Obr. 4. Tb. 9. Res. rus., angl., nem., lit. 24 zázn. v slov., češ., ruš. 
650 0 7 |a poľovníctvo  |2 snkbucl  |9 2774 
650 0 7 |a poľovné revíry  |2 snkbucl  |9 70281 
651 7 |a 5406  |2 snkbucl  |9 276477 
651 7 |a Toporec (Slovensko)  |2 snkbucl  |9 15785 
655 7 |a články zo zborníkov  |2 snkbucl  |9 166140 
773 0 |t Folia venatoria 18  |d Bratislava : Príroda, 1988  |g S. 241-261 
850 |a Slovenská národná knižnica v Martine  |a MTA001 
852 |a SNK  |b KIS3GCP 
958 |a NB 
958 |a RK 
992 |a RZB 
999 |c 2071846  |d 2073776